|
|
|
|
| LEADER |
00827cam a2200241ua 4500 |
| 008 |
060815t2000||||||||||| 001 ||eng c |
| 020 |
|
|
|a 1-57851-328-6
|
| 041 |
0 |
|
|a eng
|
| 082 |
|
|
|a 306.36
|b HAR
|
| 245 |
0 |
0 |
|a Harvard business review on work and life balance /
|
| 260 |
|
|
|a Bosten: Harvard Business School Press:
|b Harvard business review,
|c 2000.
|
| 300 |
|
|
|a 232p..
|
| 362 |
1 |
|
|a 2000.
|
| 365 |
|
|
|a $ 19.95
|e pb.
|
| 440 |
|
0 |
|a Harvard business review paperback series
|
| 490 |
0 |
|
|a Harvard business review paperback series
|
| 500 |
|
|
|a Includes index.
|
| 504 |
|
|
|a .
|
| 650 |
|
|
|a Work-Social aspects
|
| 650 |
0 |
|
|a Quality of life
|
| 942 |
|
|
|c BK
|
| 999 |
|
|
|c 10919
|d 10919
|
| 952 |
|
|
|0 0
|1 0
|4 0
|6 306_360000000000000_HA
|7 0
|9 11390
|a KUCL
|b KUCL
|d 2014-05-23
|l 1
|m 1
|o 306.36 HA
|p 12791
|q 2020-11-27
|r 2020-09-23
|s 2020-09-23
|w 2014-05-23
|y BK
|